000 00806nas a2200277 4500
001 BR2012008767
003 BR-BrBNA
005 20231205121521.0
007 ta
008 230509b bl.|||p| |||| 00| 00por d
040 _aBR-BrBNA
_bpor
_cBiblioteca Nacional de Agricultura
041 _a(Pt)
072 _aF30; F03; E72
100 1 _aMeletti, L.M.M.
245 1 _aMaracujá-amarelo: cultivares IAC conquistam a preferência nacional
650 _aMARACUJÁ
650 _aVARIEDADE
650 _aPRODUÇÃO AGRICOLA
650 _aMERCADO INTERNO
650 _aPRODUTOR
650 _aSEMENTE
650 _aCOMERCIALIZAÇÃO
773 0 _tO Agronômico (Brazil)
_xISSN 0365-2726
_g(2201), v. 53(2) p. 23-25
_wBR2012008767
909 _a202311
_bLúcia
_c55
_dLúcia Elande
942 _2AGRIS
_n0
_cANA
999 _c223921
_d223921